Love in a dark time : and other explorations of gay lives and literature /

Gespeichert in:
Bibliographische Detailangaben
1. Verfasser: Tóibín, Colm (Verfasst von)
Format: Buch
Sprache:Englisch
Veröffentlicht: New York : Scribner, 2002
Tags: Tag hinzufügen
Keine Tags, Fügen Sie das erste Tag hinzu!

MARC

LEADER 00000nam a22000007i 4500
001 IT\ICCU\UBO\2343220
003 ItRI
005 20260115231820.0
008 031117s2002 xxu|||||| ||||| |||||c
020 |a 0743229444 
040 |b ita  |c importazione bologna sebina 
041 7 |a eng  |2 ISO-639-2 
100 1 |a Tóibín, Colm  |0 IT\ICCU\CFIV\115377  |4 aut 
245 1 0 |a Love in a dark time :  |b and other explorations of gay lives and literature /  |c Colm Toibin. 
260 |a New York :  |b Scribner,  |c 2002 
300 |a 263 p. ;  |c 22 cm. 
942 |2 ddc  |c BK  |n 0 
952 |0 0  |1 0  |4 0  |6 DOC_810_992000000000000_TOI  |7 0  |9 13399  |a BO  |b BO  |d 2026-01-15  |i 7921  |l 0  |o DOC 810.992 TOI  |p BO7921  |r 2026-01-15 23:18:20  |w 2026-01-15  |x [Sebina 5] [1 v.]  |y BK  |z 1 v. 
999 |c 11513  |d 11513